Božestvennaja liturgija. : Jže vo svatych` otca nášegv Ivanna Zlatoústagv.

Uložené v:
Podrobná bibliografia
Médium: Kniha
Jazyk:Ukrainian
Vydané: Prešov : Spolok biskupa Petra Pavla Gojdiča, [1998]
Vydanie:1. vyd.
Témy:
ISBN: 8088902045 (viaz.)
Fyzický popis: 112 s.
Tagy: Pridať tag
Žiadne tagy, Buďte prvý kto otaguje tento záznam!

MARC

LEADER 00000nam a2200000 a 4500
001 000057713
003 SVKK
005 19990706000000.0
008 980623s1998 xo e ukro
020 |a 8088902045 (viaz.) 
040 |a SVKKK  |b slo  |c SVKKK  |e AACR2 
041 0 |a ukr 
044 |a xo  |c SK 
080 |a 281:264  |2 1997 
080 |a 264:281  |2 1997 
245 0 0 |a Božestvennaja liturgija. :  |b Jže vo svatych` otca nášegv Ivanna Zlatoústagv. 
250 |a 1. vyd. 
260 |a Prešov :  |b Spolok biskupa Petra Pavla Gojdiča,  |c [1998] 
300 |a 112 s. 
653 0 |a cirkev gréckokatolícka  |2 SVKKKPH 
653 0 |a liturgika  |2 SVKKKPH 
653 0 |a monografie  |2 SVKKKPH 
655 7 |a monografie  |2 SVKKKPH 
910 |a svkkk 
919 |a 80-88902-04-5 
974 |a MI  |d 19980701 
974 |a KL  |d 19981006 
974 |a MI  |d 19990706 
998 |a BK 
090 |g SCKHL  |k Sklad Hlavná 10 suterén  |a VI.1520  |j 918429  |i 57713-10  |s Absenčne